=LDR 00000nam 2200000 4500 =001 INLIS000000000028844 =005 20130612131123 =008 ***********************************Ind** =035 ##$$0010-061300000028844 =041 ##$$a Ind =082 ##$$a 728.054 =090 ##$$a 728.054, Bud d =100 ##$$a Budianto, Herdamon =245 ##$$a Dapur, Herdamon Budianto =260 ##$$a 2007 $b Jakarta =300 ##$$a 64 hlm, ilus, 28 cm =650 ##$$a Dapur =850 ##$$a NBPNMAT